00885nam a22002297a 450000500170000001000150001702000260003203500140005803700130007208200100008510000320009524501220012726000510024927000410030030000210034150000470036270000390040970000360044894200240048499900190050895201280052720240307104256.0 aENG-139568 a9788195264001c395.00 aEN-123100 bDBAD/PUB a136.7 aMehta, Pradeep Kumar962891 aEverything you want to ask about:bYour bundle of joy/cBy Pradeep Kumar Mehta and Edited by Deepshikha SethhEnglish bIvynib Communications Pvt LtdaNew Delhic2021 aA-1010 ATS Bouquet Sector 132, Noida a189p.c23cm(hbk) aA Practical Guide to Raising a Happy Child aMehta, Pradeep KumareAutor962847 aSeth, DeepshikhaeEditor962848 2ddccENh136.7mMEH c201265d201265 001040708NFICaBNbBNd2024-03-07eDBADg395.00l0o136.7 MEHpEN-123100r2024-03-07 00:00:00t1v395.00w2024-03-07yEN